000 00280nam a22001097a 4500
082 _a294/LAL
100 _aLalye, P.G.
_916646
245 _aCurses And Boons In The Valmiki Ramayana
260 _aDelhi
_bBharatiya Kala Prakashan
_c2018
650 _aHindu Religion
_9350
942 _cBK
999 _c65584
_d65584